00615nam a22002297a 4500003000500000005001700005008004100022010001000063011001000073035001000083040000900093082001500102100003000117245006300147260004200210300001000252490003100262650001900293650001600312650002600328830003100354CHAP20220329134634.0971013s1979 r 00010 d a23453 a24425 a28524 cCHAP a632.95bC200aChemical Society. London. aChemistry and agricultureb: proceedings of a symposium... aLondon :bThe Chemical Society,c1979 a289 p aSpecial publicationsv; 3614aFertilizantes.14aPesticidas.14aQuímica agrícola.0 aSpecial publicationsv; 36